Online
Catalog

Que las "rondas" no son buenas ... : (Record no. 25124)

MARC details
000 -CABECERA
campo de control de longitud fija 03398nam a2200457 a 4500
001 - NÚMERO DE CONTROL
campo de control 000025632
005 - FECHA Y HORA DE LA ÚLTIMA TRANSACCIÓN
campo de control 20250707112615.0
008 - DATOS DE LONGITUD FIJA--INFORMACIÓN GENERAL
campo de control de longitud fija 110216s2003 mx a r 000 | spa d
020 ## - NÚMERO INTERNACIONAL ESTÁNDAR DEL LIBRO
Número Internacional Estándar del Libro 9703208991
040 ## - FUENTE DE LA CATALOGACIÓN
Centro catalogador/agencia de origen DO-SdBNP
Lengua de catalogación spa
Centro/agencia transcriptor BNPHU
082 ## - NÚMERO DE LA CLASIFICACIÓN DECIMAL DEWEY
Número de clasificación 330
Número de documento/Ítem P737q
049 ## - FONDOS LOCALES (OCLC)
Fondos de biblioteca BNGR
100 1# - ENTRADA PRINCIPAL--NOMBRE DE PERSONA
Nombre de persona Plutarco
9 (RLIN) 52326
245 10 - MENCIÓN DE TÍTULO
Título Que las "rondas" no son buenas ... :
Resto del título la OMC y la Ronda de Doha, ¿proteccionismo vs desarrollo? /
Mención de responsabilidad, etc. coordinación María Cristina Rosas, Giovanni E. Reyes ; prólogo Rubens Ricupero ; Walter Astié-Burgos ... [et al.].; cuidado de la edición Domingo Cabrera Velázquez.
260 ## - PUBLICACIÓN, DISTRIBUCIÓN, ETC.
Lugar de publicación, distribución, etc. México, D. F. :
Nombre del editor, distribuidor, etc. Universidad Nacional Autónoma de México ,
Fecha de publicación, distribución, etc. 2003.
300 ## - DESCRIPCIÓN FÍSICA
Extensión 446 p. :
Otras características físicas il. ;
Dimensiones 23 cm.
500 ## - NOTA GENERAL
Nota general Incluye notas al pie de páginas
500 ## - NOTA GENERAL
Nota general Incluye bibliografía al final de los capítulos
505 0# - NOTA DE CONTENIDO CON FORMATO
Título La Ronda de Doha : alcances y límites /
Mención de responsabilidad María Cristina Rosas
Título El nuevo regionalismo y el retorno a lo político /
Mención de responsabilidad Bjôrn Hettne
Título Unión Europea y OMC : desavenencia trasatlántica, improbable agenda verde y distorsión... del espíritu de Doha /
Mención de responsabilidad Alex De Kerpel
Título La política comercial de Japón frente a los retos de una estrategia de interacción múltiple /
Mención de responsabilidad Carlos Uscanga
Título Rusia y la Organización Mundial del Comercio /
Mención de responsabilidad Ana Teresa Gutiérrez del Cid
Título Integración económica en Asia Oriental y la Ronda de Doha /
Mención de responsabilidad Peter Drysdale y Jane Drake-Brockman
Título Globalización en América Latina y el Caribe : integración económica e inserción en los mercados internacionales /
Mención de responsabilidad Giovanni E. Reyes
Título Al ALCA, el nuevo regionalismo y las estrategias de los países latinoamericanos /
Mención de responsabilidad José Briceño Ruíz
Título Centroamérica : integración, libre comercio y Plan Puebla-Panamá /
Mención de responsabilidad Walter Astié-Burgos
Título México-OMC : y después del libre comercio? /
Mención de responsabilidad Georgina Sánchez
Título La cooperación para el desarrollo y el comercio internacional /
Mención de responsabilidad Juan Pablo Prado Lallande
Título Comercio y medio ambiente : más allá del viejo debate /
Mención de responsabilidad Mario Duarte Villarello
Título Trato especial y diferenciado en las relaciones comerciales multilaterales : el esqueleto en el clóset /
Mención de responsabilidad Manuela Tórtora
Título Migración temporal para el suministro de servicios : retos para la liberalización comercial en el marco del GATS? /
Mención de responsabilidad Sebastián Escalante
Título La crisis del acceso a los medicamentos y los acuerdos en materia de propiedad intelectual de la Ronda de Uruguay : los pacientes frente a las ganancias /
Mención de responsabilidad Pascale Boulet y Rachel M. Cohen.
650 #0 - PUNTO DE ACCESO ADICIONAL DE MATERIA--TÉRMINO DE MATERIA
Término de materia o nombre geográfico como elemento de entrada Economia
9 (RLIN) 85383
700 1# - PUNTO DE ACCESO ADICIONAL--NOMBRE DE PERSONA
Nombre de persona Ricupero, Rubens,
Término indicativo de función/relación pról.
9 (RLIN) 52339
700 1# - PUNTO DE ACCESO ADICIONAL--NOMBRE DE PERSONA
Nombre de persona Astié-Burgos , Walter,
9 (RLIN) 44612
700 1# - PUNTO DE ACCESO ADICIONAL--NOMBRE DE PERSONA
Nombre de persona Boulet, Pascale ,
9 (RLIN) 52340
700 1# - PUNTO DE ACCESO ADICIONAL--NOMBRE DE PERSONA
Nombre de persona Briceño Ruíz, José ,
9 (RLIN) 52341
700 1# - PUNTO DE ACCESO ADICIONAL--NOMBRE DE PERSONA
Nombre de persona Cohen, Rachel M. ,
9 (RLIN) 52342
700 1# - PUNTO DE ACCESO ADICIONAL--NOMBRE DE PERSONA
Nombre de persona Drake-Brockman, Jane,
9 (RLIN) 52343
700 1# - PUNTO DE ACCESO ADICIONAL--NOMBRE DE PERSONA
Nombre de persona Drysdale, Peter ,
9 (RLIN) 52344
700 1# - PUNTO DE ACCESO ADICIONAL--NOMBRE DE PERSONA
Nombre de persona Duarte Villarello, Mario,
9 (RLIN) 50526
700 1# - PUNTO DE ACCESO ADICIONAL--NOMBRE DE PERSONA
Nombre de persona Escalante, Sebastián ,
9 (RLIN) 52345
700 1# - PUNTO DE ACCESO ADICIONAL--NOMBRE DE PERSONA
Nombre de persona Gutiérrez del Cid, Ana Teresa,
9 (RLIN) 50529
700 1# - PUNTO DE ACCESO ADICIONAL--NOMBRE DE PERSONA
Nombre de persona Hettne, Bjôrn ,
9 (RLIN) 52346
700 1# - PUNTO DE ACCESO ADICIONAL--NOMBRE DE PERSONA
Nombre de persona Kerpel, Alex De,
9 (RLIN) 52347
700 1# - PUNTO DE ACCESO ADICIONAL--NOMBRE DE PERSONA
Nombre de persona Prado Lallande, Juan Pablo ,
9 (RLIN) 52348
700 1# - PUNTO DE ACCESO ADICIONAL--NOMBRE DE PERSONA
Nombre de persona E. Reyes, Giovanni ,
9 (RLIN) 52349
700 1# - PUNTO DE ACCESO ADICIONAL--NOMBRE DE PERSONA
Nombre de persona Sánchez, Georgina ,
9 (RLIN) 44620
700 1# - PUNTO DE ACCESO ADICIONAL--NOMBRE DE PERSONA
Nombre de persona Rosas, María Cristina,
9 (RLIN) 26176
700 1# - PUNTO DE ACCESO ADICIONAL--NOMBRE DE PERSONA
Nombre de persona Tórtora, Manuela ,
9 (RLIN) 52350
700 1# - PUNTO DE ACCESO ADICIONAL--NOMBRE DE PERSONA
Nombre de persona Uscanga, Carlos,
9 (RLIN) 50539
700 1# - PUNTO DE ACCESO ADICIONAL--NOMBRE DE PERSONA
Nombre de persona López Salvá, Mercedes ,
9 (RLIN) 52329
700 1# - PUNTO DE ACCESO ADICIONAL--NOMBRE DE PERSONA
Nombre de persona Cabrera Velázquez, Domingo,
Término indicativo de función/relación ed.
9 (RLIN) 52351
Holdings
Estado de retiro Estado de pérdida Restricciones de uso No para préstamo Código de colección Localización permanente Ubicación/localización actual Ubicación en estantería Fecha de adquisición Número de inventario Total de préstamos Signatura topográfica completa Código de barras Fecha visto por última vez Precio válido a partir de Tipo de ítem Koha
      Excluido de préstamo Monografías: Libros y Folletos General General En catalogación 18.02.2011 LF1   330 P737q 25632-10 25.06.2020 25.06.2020 No se presta

Powered by Koha